000 00620nam a2200181 i 4500
001 84974
003 ES-MaACL
005 20250824051634.0
007 t|
008 041124s1980 sp ||||1| spa d
111 2 _aJornadas de Teatro Clásico Español
_n(2ª.
_d1979.
_cAlmagro)
_9818
245 1 0 _aII Jornadas de Teatro Clásico Español
_b: Almagro 1979 /
_ccoordinador, Francisco Ruiz Ramón.
260 _a[Madrid :
_bDirección General de Música y Teatro,
_c1980]
300 _a348 p. ;
_c18 cm.
700 1 _aRuiz Ramón, Francisco.
_9180662
852 _aES-MaACL
_jL-624
_bR.100870
999 _c84974
_d84974